[Event "XVIII Najdorf Open 2018"]
[Site "Warsaw"]
[Date "2018.07.08"]
[Round "1"]
[White "Bartel, Michal"]
[Black "Faron, Rafal"]
[Result "1-0"]
[WhiteElo "2349"]
[BlackElo "2151"]
[Annotator "NA"]
[PlyCount "75"]
[EventDate "2018.07.08"]
[EventCountry "POL"]
[SourceTitle "playchess.com"]
[Source "ChessBase"]
[SourceQuality "1"]

1. e4 d6 2. d4 Nf6 3. Nc3 e5 4. Nge2 Nbd7 5. g3 Be7 6. Bg2 O-O 7. O-O c6 8. a4 a5 {B07: Pirc-Ufimzew-Verteidigung} (8... Re8 9. h3 Bf8 10. d5 cxd5 11. exd5 h5 12. Be3 b6 13. Qd2 Ba6 14. Nb5 Nc5 15. Nec3 Qd7 16. b3 Bb7 {0-1 (39) Ghaem Maghami,E (2596)-Movsesian,S (2658) Berlin 2015}) 9. h3 Nb6 10. b3 exd4 11. Nxd4 d5 12. e5 Ne8 13. Nce2 $146 ({Vorgänger:} 13. Qd3 f6 14. exf6 Bxf6 15. Ba3 Rf7 {½-½ (55) De Francesco,K (2232)-Ager,J (2152) Bayern 2015}) 13... g6 14. Bh6 Ng7 15. Qd2 Re8 16. Rae1 Bd7 17. g4 c5 18. Nf3 Ne6 19. Nh2 $11 Bc6 20. f4 d4 21. Bxc6 bxc6 22. f5 Bg5 23. fxe6 Bxd2 24. exf7+ Kh8 25. fxe8=Q+ Qxe8 26. Bxd2 Qxe5 27. Nf4 Qd6 28. Re6 Qc7 29. Rfe1 Rf8 30. Re8 Qf7 31. Rxf8+ Qxf8 32. Kg2 Qd6 33. Nf3 Nd5 34. Nxd5 Qxd5 35. Re5 Qd6 36. Bxa5 d3 37. Bc3 Kg8 38. cxd3 1-0

[Event "XVIII Najdorf Open 2018"]
[Site "Warsaw"]
[Date "2018.07.08"]
[Round "1"]
[White "Deszczynski, Adam"]
[Black "Leks, Maria"]
[Result "1-0"]
[WhiteElo "2345"]
[BlackElo "2145"]
[Annotator "NA"]
[PlyCount "53"]
[EventDate "2018.07.08"]
[EventCountry "POL"]
[SourceTitle "playchess.com"]
[Source "ChessBase"]
[SourceQuality "1"]

1. e4 d6 2. d4 Nf6 3. Nc3 e5 4. Nf3 Nbd7 5. g3 Be7 6. Bg2 O-O 7. O-O c6 8. Re1 b5 9. a4 b4 10. Nb1 a5 11. Nbd2 Qc7 12. b3 Re8 13. Bb2 Bf8 14. Nc4 exd4 15. Nxd4 Nb6 16. Nxb6 Qxb6 17. Nxc6 Bb7 18. Bxf6 gxf6 19. Nd4 d5 20. Nf5 Qe6 21. Re3 Kh8 22. Qh5 dxe4 23. g4 Bc5 24. Rh3 Bxf2+ 25. Kxf2 Qb6+ 26. Ke1 Qg1+ 27. Bf1 1-0

[Event "XVIII Najdorf Open 2018"]
[Site "Warsaw"]
[Date "2018.07.08"]
[Round "1"]
[White "Warakomska, Anna"]
[Black "Hrymowicz, Artur"]
[Result "1-0"]
[WhiteElo "2342"]
[BlackElo "2123"]
[Annotator "NA"]
[PlyCount "56"]
[EventDate "2018.07.08"]
[EventCountry "POL"]
[SourceTitle "playchess.com"]
[Source "ChessBase"]
[SourceQuality "1"]

1. e4 c5 2. Nf3 d6 3. Bb5+ Nd7 4. O-O Ngf6 5. Re1 a6 6. Bf1 Qc7 7. c3 c4 8. b3 b5 9. bxc4 bxc4 10. Qa4 Bb7 11. e5 Bxf3 12. exf6 Bc6 13. fxg7 Bxg7 14. Qxc4 Ne5 15. Qh4 Bf6 16. Qg3 O-O-O 17. Qh3+ Bd7 {[#]} 18. Qe3 $18 ({Inferior is} 18. Bxa6+ Kb8 $11) 18... Rdg8 19. d4 Bg5 20. f4 Ng4 21. Qf3 Bh4 22. Qa8+ Qb8 23. Qxa6+ Kd8 24. Re2 Bc8 25. Qa5+ Qc7 26. Qxc7+ Kxc7 27. g3 Ba6 28. Rb2 Bf6 1-0

[Event "XVIII Najdorf Open 2018"]
[Site "Warsaw"]
[Date "2018.07.08"]
[Round "1"]
[White "Juknis, Paulius"]
[Black "Bartel, Mateusz"]
[Result "0-1"]
[WhiteElo "2260"]
[BlackElo "2604"]
[Annotator "ChessBase"]
[PlyCount "74"]
[EventDate "2018.07.08"]
[EventCountry "POL"]
[SourceTitle "playchess.com"]
[Source "ChessBase"]
[SourceQuality "1"]

1. d4 Nf6 2. Bf4 d5 3. e3 Bg4 4. f3 Bd7 5. c4 e6 6. Nc3 Bb4 7. Qb3 Nc6 8. a3 Bxc3+ 9. Qxc3 Nh5 10. Bg3 Nxg3 11. hxg3 Qe7 12. Kf2 h5 13. cxd5 exd5 14. Qc5 Qxc5 15. dxc5 Ne5 16. Rd1 c6 17. Ne2 b6 18. cxb6 axb6 19. Nc3 f5 20. Be2 g6 21. Rhe1 O-O 22. Kg1 Be6 23. Bf1 Rfd8 24. Rd2 Kf7 25. Red1 Ke7 26. Be2 Rf8 27. Bf1 g5 28. Be2 Rh8 29. e4 dxe4 30. fxe4 f4 31. gxf4 gxf4 32. Rf1 Raf8 33. Na4 h4 34. Kf2 h3 35. gxh3 Rxh3 36. Ke1 f3 37. Bd1 Bc4 0-1

[Event "XVIII Najdorf Open 2018"]
[Site "Warsaw"]
[Date "2018.07.08"]
[Round "1"]
[White "Bus, Konrad"]
[Black "Mista, Aleksander"]
[Result "0-1"]
[WhiteElo "2257"]
[BlackElo "2595"]
[Annotator "ChessBase"]
[PlyCount "102"]
[EventDate "2018.07.08"]
[EventCountry "POL"]
[SourceTitle "playchess.com"]
[Source "ChessBase"]
[SourceQuality "1"]

1. Nf3 c5 2. g3 Nc6 3. d4 cxd4 4. Nxd4 g6 5. Bg2 Bg7 6. Nb3 d6 7. O-O Be6 8. N1d2 Qd7 9. Nf3 Bh3 10. c3 Nf6 11. Bg5 h6 12. Bxf6 Bxf6 13. Bxh3 Qxh3 14. Qd3 h5 15. Nbd4 h4 16. Nxc6 bxc6 17. Rad1 Rb8 18. Rd2 g5 19. Qe4 hxg3 20. fxg3 g4 21. Nh4 Bxh4 22. gxh4 g3 23. Qxc6+ Kf8 24. hxg3 Qxg3+ 25. Qg2 Qxh4 26. Rd4 Qh6 27. Rg4 f6 28. Rf3 Rxb2 29. Rfg3 Qc1+ 30. Kf2 Rh2 31. Qxh2 Rxe2+ 32. Kxe2 Qc2+ 33. Ke3 Qxh2 34. Rg8+ Kf7 35. R8g7+ Ke8 36. Rg2 Qe5+ 37. Kd3 Qd5+ 38. Ke3 Qc4 39. Rc2 f5 40. Kd2 Qf4+ 41. Kd1 Qf1+ 42. Kd2 f4 43. Rb2 Qf2+ 44. Kc1 Qe1+ 45. Kc2 Qe4+ 46. Kb3 f3 47. Rh2 Qf5 48. Rh8+ Kd7 49. Rhh7 Qe6+ 50. Ka3 f2 51. Rf7 Qe1 0-1

[Event "XVIII Najdorf Open 2018"]
[Site "Warsaw"]
[Date "2018.07.08"]
[Round "1"]
[White "Winiarski, Mikolaj"]
[Black "Aravindh, Chithambaram VR"]
[Result "0-1"]
[WhiteElo "2249"]
[BlackElo "2580"]
[Annotator "TA"]
[PlyCount "87"]
[EventDate "2018.07.08"]
[EventCountry "POL"]
[SourceTitle "playchess.com"]
[Source "ChessBase"]
[SourceQuality "1"]

{[%evp 16,87,0,0,3,-2,16,-3,13,0,11,8,8,-21,-8,-12,-18,-32,0,-45,-16,0,5,0,-17,-14,17,-68,8,-10,-5,-78,-33,-37,-53,-77,-73,-193,-187,-208,-208,-195,-134,-135,-77,-72,-58,-52,-59,-97,-104,-123,-119,-145,-142,-143,-148,-195,-181,-206,-233,-264,-264,-245,-255,-303,-307,-315,-297,-304,-288,-274,-274,-2229]} 1. e4 c5 2. Nf3 d6 3. c3 Nf6 4. Be2 Nbd7 5. d3 b6 6. O-O Bb7 7. Nbd2 {[%cal Bb1d2,Bd2f1,Bf1g3][%mdl 32]} e6 {B50: Sicilian: 2...d6, Miscellaneous} 8. Re1 Be7 9. Nf1 {LiveBook: 4 Games} (9. Bf1 e5 10. d4 cxd4 11. cxd4 exd4 12. Nxd4 O-O 13. b3 Re8 {½-½ (46) Ganguly,S (2668)-Salem,A (2656) Doha 2016}) 9... Rc8 $146 {The position is equal.} ({Predecessor:} 9... c4 10. d4 Bxe4 11. Bxc4 O-O 12. Ng5 Bd5 13. Bxd5 Nxd5 14. Qg4 N7f6 15. Qe2 Re8 16. Bd2 Bf8 {½-½ (16) Buscher,M (2398)-Popovic,P (2454) Belgium 2017}) 10. Ng3 Rc7 11. Bf1 Qa8 12. Ng5 h6 13. Nh3 c4 14. f4 cxd3 $1 15. Bxd3 h5 16. Qe2 g6 17. b4 e5 18. Bb2 Ng4 19. c4 O-O 20. f5 Bh4 21. Bc1 (21. Nf2 $11) 21... Qd8 ({Black should try} 21... a5 $15 22. Bg5 Bxg3 23. hxg3 gxf5) 22. Nf2 Ndf6 23. Be3 (23. Rf1 $11) 23... Nxf2 (23... Bxg3 $5 24. hxg3 Nxf2 25. Bxf2 gxf5 26. exf5 Ng4 $17) 24. Bxf2 Ng4 25. Nh1 gxf5 26. Bxh4 (26. exf5 $17 e4 27. Bxe4) 26... Qxh4 $19 27. h3 Nf6 {[%cal Rf6e4]} 28. exf5 Kh7 (28... e4 $1 $19 {[%cal Re4d3]} 29. Bc2 Qg5) 29. Qf2 $17 {[#]} Qxf2+ ({Better is} 29... Qg5 $1 {Strongly threatening ...h4.} 30. Re3 h4) 30. Nxf2 Rg8 31. Bf1 e4 32. Nd1 {[#]} b5 $1 {[%mdl 512]} 33. cxb5 d5 $36 {[%cal Bd6d5,Bd5d4][%mdl 2080] Black is on the roll.} 34. Nb2 Rc2 35. Na4 {[#]} d4 $1 {...e3 is the strong threat.} 36. Nc5 Bd5 37. Re2 Rxe2 38. Bxe2 e3 39. Bf1 Ne4 40. Nd3 {Black has a decisive advantage.} Ng3 41. Nf4 Be4 42. Bd3 Bxd3 ({Worse is} 42... Bxf5 43. Bxf5+ Nxf5 44. Rc1 $11) 43. Nxd3 Rc8 ({Weaker is} 43... Nxf5 44. Rc1 $15) 44. Rc1 $2 {Precision: White = 25%, Black = 62%.} (44. Nc5) 0-1

[Event "XVIII Najdorf Open 2018"]
[Site "Warsaw"]
[Date "2018.07.08"]
[Round "1"]
[White "Lukasiewicz, Krzysztof"]
[Black "Heberla, Bartlomiej"]
[Result "1/2-1/2"]
[WhiteElo "2247"]
[BlackElo "2563"]
[Annotator "TA"]
[PlyCount "86"]
[EventDate "2018.07.08"]
[EventCountry "POL"]
[SourceTitle "playchess.com"]
[Source "ChessBase"]
[SourceQuality "1"]

{[%evp 18,86,20,7,14,21,27,17,33,37,23,17,61,58,45,0,4,0,0,-2,0,-163,-101,-93,-91,-92,-60,-59,-74,-98,-63,-59,-78,-60,0,0,11,5,39,14,254,269,289,280,427,443,415,285,347,218,227,204,262,263,260,268,352,320,304,277,448,440,420,296,300,8,8,0,0,0,0]} 1. e4 c5 2. Nf3 e6 3. d4 cxd4 4. Nxd4 Nf6 5. Nc3 d6 6. g3 Nc6 7. Bg2 Bd7 8. Nb3 Be7 9. O-O O-O 10. Kh1 {LiveBook: 16 Games} Qb8 $146 {B80: Sicilian Scheveningen: 6 g3 and 6 Be3, including English Attack} ({Predecessor:} 10... a6 11. a4 Na5 12. Nxa5 Qxa5 13. f4 Bc6 14. g4 Nd7 15. g5 Rfe8 16. Bd2 Qc5 17. Re1 b5 18. Be3 {0-1 (44) Gomez Sanchez,J (2426)-Alekseenko,K (2563) Tarvisio 2017}) 11. a4 Nb4 12. f4 Qc7 13. g4 {[#]} d5 $1 {[%mdl 512]} 14. e5 (14. exd5 Nfxd5) 14... Ne4 15. Nxe4 dxe4 16. Nd4 f6 17. exf6 Bxf6 18. Bxe4 Rad8 $36 {[%mdl 2048] Threatens to win with ...Bc6. Black is pushing.} 19. Qe1 $2 {[#]} (19. c3 $11) 19... Bxd4 (19... Qc4 $1 $19 20. c3 Bxd4 21. cxb4 Bc6) 20. Qxb4 $17 Qxc2 21. Qxb7 Qe2 {[%cal Re2f1]} 22. Bg2 Qxg4 23. Ra3 Qe2 24. Qe4 Qxe4 25. Bxe4 Rb8 ({Better is} 25... Rc8 $15) 26. Rd1 $11 e5 27. fxe5 Bc5 28. Rg3 Bxa4 $2 {[#]} (28... Be6 $11 {and Black has nothing to worry.}) 29. Bh6 $1 $18 ({Stronger than} 29. Bd5+ Kh8 $11) 29... Rf7 30. Bd5 Kf8 {[#]} (30... Bf8 {keeps fighting.}) 31. Bxg7+ $1 {[%mdl 512]} Ke8 (31... Rxg7 32. Rf1+) 32. b3 Bb5 {intending ...Rd7.} 33. Bxf7+ Kxf7 34. Kg2 Ke6 35. Rc1 Bb6 36. Bf6 h5 37. h4 Bd4 38. Rg6 Kf5 $2 (38... Bd3) 39. Rg5+ Kf4 40. Rxh5 Be2 41. Rh6 $2 (41. Rg5 $18) 41... Rxb3 $11 {And now ...Rb2 would win.The position is equal.} 42. e6 Rg3+ 43. Kh2 Bf3 $1 {Precision: White = 63%, Black = 40%.} 1/2-1/2

[Event "XVIII Najdorf Open 2018"]
[Site "Warsaw"]
[Date "2018.07.08"]
[Round "1"]
[White "Dzierzak, Radoslaw"]
[Black "Smirnov, Anton"]
[Result "1/2-1/2"]
[WhiteElo "2244"]
[BlackElo "2523"]
[Annotator "TA"]
[PlyCount "142"]
[EventDate "2018.07.08"]
[EventCountry "POL"]
[SourceTitle "playchess.com"]
[Source "ChessBase"]
[SourceQuality "1"]

{[%evp 26,142,17,10,14,15,39,33,72,37,38,37,51,50,58,22,18,0,28,33,32,21,39,13,21,11,20,-25,47,36,45,-75,-72,-85,-93,-87,-64,-175,-184,-259,-256,-264,-258,-261,-250,-254,-237,-277,-278,-252,-194,-200,-93,-91,-106,-105,-98,-96,-12,-122,-110,-116,0,-106,0,0,0,0,0,-25,-26,-29,0,0,0,0,0,0,0,0,0,0,0,0,49,47,285,0,307,104,285,193,370,8,638,578,661,661,633,626,496,0,0,0,0,0,0,0,0,0,0,0,0,0,0,0,0,0,0]} 1. e4 c5 2. Nf3 d6 3. Bb5+ Bd7 4. Bxd7+ Qxd7 5. c4 Nf6 6. Nc3 g6 7. O-O Nc6 8. d4 cxd4 9. Nxd4 Bg7 10. Nde2 O-O 11. f3 a6 12. a4 Qd8 13. Be3 {B52: Sicilian: Moscow Variation with 3...Bd7} Nd7 14. b3 {LiveBook: 3 Games} Nc5 15. Rb1 Rc8 16. Qd2 {[#]} Ne5 $146 ({Predecessor:} 16... Qa5 17. b4 Nxb4 18. Nd5 Nxd5 19. Qxa5 Nxe3 20. Rfc1 Nd3 21. Qd2 Nxc1 22. Rxc1 Nxc4 {0-1 (47) Andreev,E (2463)-Miroshnichenko,E (2525) Barlinek 2002}) 17. Kh1 Re8 18. Bg1 e6 19. Rfd1 Bf8 20. Qe1 {Black should prevent f4.} Qe7 21. Qg3 Ncd7 22. Be3 Bg7 23. Rd2 Red8 24. f4 Nc6 25. Qf2 f5 26. Rbd1 Nf6 (26... Nc5 $11) 27. Bb6 Rd7 28. c5 (28. exf5 $14 {stays ahead.} exf5 29. Kg1) 28... d5 $1 $17 {[%cal Rd5e4]} 29. e5 Ne4 30. Nxe4 fxe4 31. Nd4 (31. Nc3 $15) 31... Rf8 $19 32. Nxc6 (32. Qe3 $142) 32... bxc6 33. Qe3 {[#]} g5 $1 {[%mdl 512]} 34. g3 (34. fxg5 Bxe5) 34... Qf7 35. Rf2 {[#]} Bxe5 $1 {[%mdl 512]} 36. Rdf1 (36. fxe5 Qxf2) 36... gxf4 37. gxf4 Bf6 38. f5 Re7 (38... Kh8 $19 {is more deadly.} 39. Qe2 Qe8) 39. b4 $17 e5 40. b5 axb5 41. axb5 Kh8 (41... Qe8 $17 {...Rg7 is the strong threat.} 42. Rd1 Kh8) 42. Rg2 (42. bxc6 $11 Qe8 43. c7) 42... Qe8 43. Rfg1 Bg7 (43... Ref7 $1 $17 44. bxc6 Qxc6) 44. Qg5 (44. Rg4 $11 {remains equal.}) 44... Ref7 ({Don't play} 44... cxb5 $6 45. c6 $1 $11 {[%mdl 512]}) ({Black should try} 44... e3 $1 $17 45. bxc6 Bf6 46. Qxe3 Qxc6) 45. bxc6 $1 $11 Qxc6 46. Bd8 $1 {Black must now prevent f6.} Qh6 47. f6 Qxg5 48. Rxg5 Bh6 49. Be7 $1 {[%cal Re7f8]} Bxg5 50. Rxg5 {[%mdl 4096] Endgame KRR-KRB} e3 {Threatens to win with ...e4.} 51. Rxe5 d4 52. Kg2 Ra8 53. Rd5 Ra2+ 54. Kg3 {White threatens Rd8+ and mate.} h6 (54... h5 $5 {[%cal Rh5h4]}) 55. Rxd4 Rc2 $2 {[#]} ({Better is} 55... Kh7 $1 $14) 56. Re4 $2 (56. Kf3 $1 $18) 56... e2 $2 {[%mdl 8192]} (56... Rh7 $1 $11) 57. Kf2 $2 (57. Kf3 $18 {and the rest is easy.}) 57... e1=Q+ $2 (57... Kg8 $16 {keeps fighting.}) 58. Kxe1 $18 Kh7 $2 {[#]} (58... Rxh2 {was called for.} 59. Rc4 Ra2) 59. Kd1 $2 (59. Re2 $1 $18 {[%cal Re2c2]} Rc3 60. Rg2) 59... Ra2 $2 {[%mdl 8192]} (59... Rxh2 $11 60. Re2 (60. c6 Ra2 $11) 60... Rh1+ 61. Kd2 Ra1) 60. c6 {[%cal Bc5c6,Bc6c7][%mdl 32]} Ra8 61. c7 Rc8 62. Rc4 Kg6 63. Rc5 $2 (63. Ke2 $18 {Strongly threatening Kd3.} Kf5 64. Kd3) 63... Rxf6 $11 {The position is equal.} 64. Bxf6 Kxf6 {KR-KR} 65. Ke2 {Hoping for Kf3.} Ke6 66. Kf3 Kd6 67. Rc2 {aiming for Kg4.} (67. Rb5 {is interesting.} Rxc7 68. Kg4 Rg7+ 69. Kh4 Ke6 70. h3) 67... Rxc7 68. Rxc7 Kxc7 69. Kg4 Kd6 70. Kh5 Ke7 71. Kxh6 {Kg7 would kill now.} Kf8 {Precision: White = 41%, Black = 42%.} 1/2-1/2

[Event "XVIII Najdorf Open 2018"]
[Site "Warsaw"]
[Date "2018.07.08"]
[Round "1"]
[White "Spitzl, Vinzent"]
[Black "Jarmula, Lukasz"]
[Result "1-0"]
[WhiteElo "2241"]
[BlackElo "2512"]
[Annotator "ChessBase"]
[PlyCount "85"]
[EventDate "2018.07.08"]
[EventCountry "POL"]
[SourceTitle "playchess.com"]
[Source "ChessBase"]
[SourceQuality "1"]

1. e4 c6 2. d4 d5 3. Nd2 dxe4 4. Nxe4 Nf6 5. Nxf6+ exf6 6. c3 Bd6 7. Bd3 O-O 8. Ne2 Re8 9. Qc2 h5 10. Be3 Nd7 11. O-O-O Nf8 12. h3 h4 13. Kb1 Be6 14. c4 Rc8 15. Rhe1 b5 16. c5 Bc7 17. Nc3 b4 18. d5 cxd5 19. Nb5 a6 20. Nxc7 Qxc7 21. f4 a5 22. f5 Bd7 23. Qf2 b3 24. axb3 Qb7 25. Bc2 Ra8 26. Rd4 Re4 27. Bxe4 dxe4 28. Rc1 Bc6 29. Qxh4 Qxb3 30. Rc3 Qb5 31. Bc1 Qf1 32. Qf4 Qg1 33. Rd6 Rc8 34. Qg4 e3 35. Rxe3 Qxg2 36. Rg3 Qe4+ 37. Ka1 Qxg4 38. hxg4 Nd7 39. Rgd3 Nxc5 40. Rc3 Ba4 41. Be3 Nb3+ 42. Ka2 Re8 43. Bb6 1-0

[Event "XVIII Najdorf Open 2018"]
[Site "Warsaw"]
[Date "2018.07.08"]
[Round "1"]
[White "Mahalakshmi, Muganda Kumar"]
[Black "Kanarek, Marcel"]
[Result "0-1"]
[WhiteElo "2238"]
[BlackElo "2508"]
[Annotator "TA"]
[PlyCount "102"]
[EventDate "2018.07.08"]
[EventCountry "POL"]
[SourceTitle "playchess.com"]
[Source "ChessBase"]
[SourceQuality "1"]

{[%evp 13,102,3,6,0,-5,-14,-10,-24,-11,-20,-2,-5,-14,-20,-9,-31,-13,-22,0,0,0,0,0,-48,-48,-46,-47,-47,-24,-16,-12,-44,-56,-54,-64,-94,-100,-101,-93,-95,-56,-86,-89,-101,-93,-103,-106,-152,-154,-154,-52,-136,-140,-185,-185,-185,-185,-172,-170,-188,-180,-197,-200,-242,-235,-276,-272,-257,-243,-245,-226,-233,-150,-148,-146,-193,-197,-389,-371,-407,-374,-473,-379,-547,-540,-540,-535,-5307,-5235,-5152,-5139]} 1. d4 Nf6 2. Nf3 g6 3. Bg5 Bg7 4. e3 O-O 5. c3 d5 6. Nbd2 b6 {[%cal Bb7b6,Bb6c5][%mdl 32]} 7. Bd3 Bb7 {LiveBook: 48 Partien} 8. Qc2 {D03: Damenbauernspiele} (8. O-O Nbd7 9. a4 a5 10. Re1 c5 11. Bb5 Qc8 12. Qb3 Ba6 13. Rac1 Bxb5 14. Qxb5 Qa6 15. Qxa6 Rxa6 16. c4 e6 {1-0 (43) Nguyen,N (2630)-Mchedlishvili,M (2603) Riadh 2017}) 8... c5 9. dxc5 $146 ({Vorgänger:} 9. O-O Nc6 10. Rad1 Qc8 11. Rfe1 cxd4 12. exd4 e6 13. Qc1 Ba6 14. Bb1 Qc7 15. Nf1 Bxf1 16. Kxf1 {1-0 (66) Sosna,J (2347)-Biolek,R (2457) Czech Republic 2016}) 9... bxc5 10. O-O {Die Stellung ist ausgeglichen.} Qb6 11. Rfe1 Nc6 12. e4 e6 13. exd5 exd5 14. Qb3 Qc7 {Weiss sollte ...c4 verhindern.} 15. Qa4 h6 (15... c4 {is more complex.} 16. Bf1 Nd7 17. Qc2 Rfe8 18. g3 Nce5) 16. Qf4 Qxf4 17. Bxf4 Rfd8 18. Bf1 Nh5 $36 {[%mdl 2048] Schwarz steht aktiver.} 19. Bc7 Rd7 20. Be5 Nxe5 21. Nxe5 Rc7 22. Nb3 Rb8 23. Rad1 Nf6 24. Nf3 Bc8 25. c4 d4 26. Ne5 Ba6 27. g3 Bf8 28. Rc1 Bc8 29. Bd3 {[#]} a5 $1 {[%mdl 512]} 30. Nxa5 Rxb2 31. Bb1 Kg7 (31... Rb8 $17 32. Re2 Bd6) 32. Nd3 ({Günstiger ist} 32. Nb3 $1 $15) 32... Rb6 $17 {[%cal Bb2b6,Bb6a6,Ba6a3][%mdl 32]} 33. Nf4 Ra6 34. Nb3 Bb7 35. Nd3 Bd6 36. Kf1 Ba8 37. h3 Ra3 38. Kg1 Ne4 39. Bc2 Nc3 40. Ra1 Be4 41. Nd2 Bf5 (41... Rxa2 42. Rxa2 Bxd3 43. Rb2 $11) 42. g4 Bxd3 ({Minderwertig wäre} 42... Rxa2 43. Rxa2 Bxd3 44. Ra6 $11) 43. Bxd3 Bf4 44. Ne4 Nxe4 ({Auf keinen Fall} 44... Nxa2 45. Bb1 $17) 45. Bxe4 $2 {[#]} (45. Rxe4 Rxd3 46. Rxf4) 45... d3 $19 {[%cal Bd4d3,Bd3d2][%mdl 32] Und weiter mit ...d2 wäre nett.} 46. Kg2 d2 47. Red1 Re7 48. Bd5 (48. Bf3 $142) 48... Rc3 {Schwarz steht klar auf Gewinn.} 49. a4 Rc1 50. a5 {Falls Weiss jetzt zu a6 käme, bestünde noch etwas Hoffnung.} Rxa1 51. Rxa1 Re1 {Precision: Weiß = 31%, Schwarz = 74%.} 0-1

[Event "XVIII Najdorf Open 2018"]
[Site "Warsaw"]
[Date "2018.07.08"]
[Round "1"]
[White "Godzwon, Iwo"]
[Black "Romanishin, Oleg M"]
[Result "1/2-1/2"]
[WhiteElo "2218"]
[BlackElo "2440"]
[Annotator "ChessBase"]
[PlyCount "117"]
[EventDate "2018.07.08"]
[EventCountry "POL"]
[SourceTitle "playchess.com"]
[Source "ChessBase"]
[SourceQuality "1"]

1. e4 e5 2. Nf3 Nc6 3. Bb5 a6 4. Ba4 Nf6 5. O-O Be7 6. Re1 d6 7. c3 Bg4 8. d4 b5 9. Bb3 O-O 10. Be3 Bh5 11. Nbd2 Na5 12. Bc2 Ng4 13. Nf1 Nxe3 14. Nxe3 Bg5 15. Bd3 Nc6 16. d5 Ne7 17. Nf5 g6 18. Ng3 Bxf3 19. Qxf3 Qd7 20. a4 bxa4 21. Qd1 Rfb8 22. Re2 a5 23. Rxa4 Nc8 24. Qa1 Nb6 25. Rxa5 Rxa5 26. Qxa5 Qa4 27. Qxa4 Nxa4 28. b4 Nxc3 29. Rc2 Na4 30. Rxc7 Rxb4 31. Rc6 Nc5 32. Bf1 Be7 33. f3 Bg5 34. Be2 Be3+ 35. Kh1 Nb7 36. Rc2 Rb1+ 37. Nf1 Nc5 38. g3 Bd4 39. Kg2 Re1 40. Bc4 Kg7 41. Nd2 Be3 42. Nb3 Nxb3 43. Bxb3 Rg1+ 44. Kh3 Bc5 45. Rd2 Rb1 46. Bc2 Rb2 47. Re2 h5 48. Bd1 Rb1 49. Bc2 Ra1 50. Rd2 Ra2 51. Re2 Ra3 52. Kg2 g5 53. Bd1 Ra1 54. Re1 Kh6 55. Kh3 Bb4 56. Rf1 Ra2 57. Bb3 Rb2 58. Ba4 Bc5 59. Bd7 1/2-1/2

[Event "XVIII Najdorf Open 2018"]
[Site "Warsaw"]
[Date "2018.07.08"]
[Round "1"]
[White "Kowalczyk, Rafal"]
[Black "Murdzia, Piotr"]
[Result "1-0"]
[WhiteElo "2209"]
[BlackElo "2410"]
[Annotator "NA"]
[PlyCount "61"]
[EventDate "2018.07.08"]
[EventCountry "POL"]
[SourceTitle "playchess.com"]
[Source "ChessBase"]
[SourceQuality "1"]

1. e4 e5 2. Nf3 Nc6 3. Bb5 a6 4. Ba4 Nf6 5. O-O Be7 6. Re1 b5 7. Bb3 d6 8. c3 O-O 9. d4 Bg4 10. Be3 Bh5 11. h3 {C91: Spanische Partie (Abweichungen von der Hauptvariante)} exd4 12. cxd4 d5 13. e5 Ne4 14. Nbd2 Nxd2 15. Qxd2 Bb4 16. Qc2 Na5 17. Bd2 Bxd2 $146 ({Vorgänger:} 17... Bxf3 18. Bxb4 Qg5 19. g3 Qh5 20. Re3 Nc4 21. Bxc4 dxc4 22. Bxf8 Rxf8 {1-0 (51) Kononenko,D (2621)-Domogaev,S (2419) Pardubice 2016}) 18. Nxd2 Nc4 19. Qc3 Rb8 20. Bxc4 $16 dxc4 21. b3 Rb6 22. bxc4 bxc4 23. Qxc4 Rg6 24. Re3 Qg5 25. g4 Rb6 26. Ne4 Qg6 27. Kf1 Rfb8 28. Rc1 Rb1 29. gxh5 Qe6 30. Kg2 Rxc1 31. Qxc1 1-0

[Event "XVIII Najdorf Open 2018"]
[Site "Warsaw"]
[Date "2018.07.08"]
[Round "1"]
[White "Czopor, Maciej"]
[Black "Ostrovskiy, Andrey"]
[Result "0-1"]
[WhiteElo "2198"]
[BlackElo "2431"]
[Annotator "NA"]
[PlyCount "96"]
[EventDate "2018.07.08"]
[EventCountry "POL"]
[SourceTitle "playchess.com"]
[Source "ChessBase"]
[SourceQuality "1"]

1. e4 e5 2. Nf3 Nc6 3. Bb5 a6 4. Ba4 Nf6 5. O-O Be7 6. Re1 b5 7. Bb3 d6 8. c3 O-O 9. h3 h6 10. d4 Re8 11. Nbd2 Bf8 12. a4 Bd7 13. Bc2 Rb8 {C93: Closed Ruy Lopez: Smyslov Variation} (13... exd4 14. cxd4 Nb4 15. Bb1 c5 16. Ra3 bxa4 17. e5 dxe5 18. dxe5 Nfd5 19. Ne4 Qb6 20. Nc3 Be6 21. Nxa4 {0-1 (39) Gormally,D (2498)-Howell,D (2655) Reading 2016}) 14. Nf1 $146 ({Predecessor:} 14. axb5 axb5 15. d5 Ne7 16. b3 Ra8 17. Ba3 Ng6 18. Bd3 Nf4 19. Bf1 g5 20. Nh2 h5 21. c4 bxc4 22. bxc4 {0-1 (43) Pirisi,G (2365)-Frosch,E (2330) Balatonbereny 1997}) 14... b4 15. d5 Ne7 16. cxb4 c6 17. dxc6 Nxc6 18. b5 axb5 19. axb5 Nb4 20. Bb3 Bxb5 21. Bd2 d5 22. exd5 $17 Nd3 23. Ba5 Qd7 24. Re3 Bc5 25. Rxd3 Bxd3 26. Qxd3 e4 27. Qc3 exf3 28. Ba4 Bxf2+ 29. Kxf2 Ne4+ 30. Kg1 f2+ 31. Kh1 Nxc3 32. Bxd7 Re1 33. Bxc3 Rxa1 34. g3 Rxf1+ 35. Kg2 Rd1 36. Kxf2 Rxd5 37. Bc6 Rxb2+ 38. Bxb2 Rd2+ 39. Kg1 Rxb2 40. h4 g6 41. Bd5 Kg7 42. Be4 f5 43. Bd5 Kf6 44. Bc6 g5 45. hxg5+ Kxg5 46. Bf3 h5 47. Kf1 h4 48. gxh4+ Kxh4 0-1

[Event "XVIII Najdorf Open 2018"]
[Site "Warsaw"]
[Date "2018.07.08"]
[Round "1"]
[White "Bharath, Subramaniyam H"]
[Black "Wieczorek, Oskar"]
[Result "1/2-1/2"]
[WhiteElo "2197"]
[BlackElo "2469"]
[Annotator "ChessBase"]
[PlyCount "110"]
[EventDate "2018.07.08"]
[EventCountry "POL"]
[SourceTitle "playchess.com"]
[Source "ChessBase"]
[SourceQuality "1"]

1. e4 c5 2. Nc3 e6 3. f4 Nc6 4. Nf3 Nge7 5. d4 Nxd4 6. Nxd4 cxd4 7. Qxd4 Nc6 8. Qf2 d5 9. exd5 exd5 10. Bd3 Be7 11. O-O O-O 12. Ne2 Bf6 13. c3 d4 14. cxd4 Nxd4 15. Be3 Nf3+ 16. Qxf3 Qxd3 17. Rad1 Qa6 18. Nc3 Bxc3 19. bxc3 Bf5 20. Qf2 Rfe8 21. Rfe1 b6 22. Bd4 f6 23. Rd2 Qa4 24. Rde2 Qd7 25. h3 Bg6 26. Qf3 Rac8 27. Rxe8+ Rxe8 28. Rxe8+ Bxe8 29. Qe4 h5 30. Kh2 Bf7 31. a3 Bd5 32. Qg6 Bf7 33. Qe4 Qd6 34. a4 Qd7 35. a5 bxa5 36. Qa8+ Kh7 37. Qxa7 Qxa7 38. Bxa7 a4 39. Bc5 h4 40. g3 hxg3+ 41. Kxg3 Kg6 42. Kf3 Be6 43. h4 Kf5 44. Bf8 g6 45. Ke3 Bd7 46. Be7 Ke6 47. Bf8 Kd5 48. Kd2 Ke4 49. Be7 f5 50. Bg5 a3 51. Kc2 Be6 52. Kb1 Ke3 53. Ka1 Kd3 54. Be7 a2 55. Bf6 Bc4 1/2-1/2